[Event "Montcalm 2 2019-20"]
[Site "Quebec CAN"]
[Date "2019.10.17"]
[Round "2"]
[White "Hines, Jason"]
[Black "Bluteau, Yvon"]
[Result "0-1"]
[WhiteElo "1583"]
[BlackElo "1812"]
[PlyCount "70"]
[EventDate "2019.10.10"]
[EventType "swiss"]
[EventRounds "5"]
[EventCountry "CAN"]

1. e4 d5 2. exd5 Qxd5 3. Nf3 Bg4 4. Be2 Nc6 5. c4 Qd7 6. d4 e6 7. a3 Nf6 8. Be3
g6 9. Nc3 Bg7 10. Qd2 Bf5 11. Bh6 Bxh6 12. Qxh6 O-O-O 13. Rd1 Ne4 14. Qe3 Nxc3
15. bxc3 Qe7 16. O-O f6 17. d5 exd5 18. Qc1 Qxe2 19. cxd5 Ne5 20. Nd4 Qc4 21.
Nxf5 gxf5 22. Rd4 Qc5 23. Rfd1 Rhg8 24. Kh1 Rg4 25. f4 Nc4 26. Qb1 Nd6 27. Rb4
b6 28. Qd3 a5 29. Rb3 Ne4 30. Rf1 Rxd5 31. Qa6+ Kd7 32. Rb2 Rg6 33. Rf3 Rd1+
34. Rf1 Ng3+ 35. hxg3 Rh6# 0-1

[Event "Montcalm 2 2019-20"]
[Site "Quebec CAN"]
[Date "2019.10.17"]
[Round "2"]
[White "Perreault, Jacquelin"]
[Black "Lapierre, Gaetan"]
[Result "0-1"]
[WhiteElo "1745"]
[BlackElo "1828"]
[PlyCount "88"]
[EventDate "2019.10.10"]
[EventType "swiss"]
[EventRounds "5"]
[EventCountry "CAN"]

1. e4 d5 2. exd5 Nf6 3. d4 Qxd5 4. Nf3 Bg4 5. Be2 e6 6. O-O Be7 7. Nc3 Qd8 8.
Bf4 c6 9. Qd2 Nbd7 10. Rfe1 O-O 11. Ne5 Bxe2 12. Rxe2 Nxe5 13. dxe5 Qxd2 14.
Rxd2 Nd5 15. Nxd5 exd5 16. Rad1 b6 17. Be3 Rad8 18. f4 f6 19. exf6 Bxf6 20. Bd4
Be7 21. g3 Bd6 22. Re2 Rfe8 23. Rde1 Rxe2 24. Rxe2 Kf7 25. Kg2 c5 26. Bf2 Rd7
27. Kf3 Be7 28. g4 Bf6 29. c3 g6 30. h3 Re7 31. Bg3 Rxe2 32. Kxe2 Ke6 33. Bf2
c4 34. Be3 Kd6 35. Kf3 Kc6 36. Bd4 Bxd4 37. cxd4 b5 38. h4 b4 39. Ke3 a5 40. g5
Kd6 41. h5 Ke6 42. hxg6 hxg6 43. Kf3 Kf5 44. Ke3 Kg4 0-1

[Event "Montcalm 2 2019-20"]
[Site "Quebec CAN"]
[Date "2019.10.17"]
[Round "2"]
[White "Sarra-Bournet, Marc"]
[Black "Boissinot, Claude"]
[Result "1-0"]
[WhiteElo "1781"]
[BlackElo "1516"]
[PlyCount "73"]
[EventDate "2019.10.10"]
[EventType "swiss"]
[EventRounds "5"]
[EventCountry "CAN"]

1. e4 c5 2. Nc3 Nc6 3. f4 e6 4. Nf3 a6 5. a4 d6 6. Bc4 g6 7. f5 Qc7 8. d3 Bg7
9. fxe6 fxe6 10. Ng5 Nd4 11. O-O Nf6 12. Be3 h6 13. Bxd4 cxd4 14. Nb5 axb5 15.
Bxb5+ Kd8 16. e5 dxe5 17. Ne4 Nxe4 18. dxe4 Bd7 19. Rf7 Qc5 20. Rxd7+ Kc8 21.
Qd3 Bf8 22. Rf7 h5 23. Bd7+ Kb8 24. Bxe6 Bh6 25. Bd5 Ra7 26. Raf1 Rc8 27. Kh1
Qxc2 28. Qb5 Rc7 29. Rxc7 Qxc7 30. Qe8+ Qc8 31. Qxe5+ Ka8 32. Qxd4 Ra6 33. b3
g5 34. Qd3 Rb6 35. a5 Rb4 36. Qa6+ Kb8 37. Qd6+ 1-0

[Event "Montcalm 2 2019-20"]
[Site "Quebec CAN"]
[Date "2019.10.17"]
[Round "2"]
[White "Sauve, Richard"]
[Black "Jardine, Robert"]
[Result "1-0"]
[WhiteElo "1925"]
[BlackElo "1225"]
[PlyCount "47"]
[EventDate "2019.10.10"]
[EventType "swiss"]
[EventRounds "5"]
[EventCountry "CAN"]

1. d4 d5 2. c4 c6 3. Nc3 Nf6 4. e3 e6 5. Nf3 Nbd7 6. Qc2 Bb4 7. Bd3 Be7 8. e4
dxe4 9. Nxe4 Nxe4 10. Bxe4 Nf6 11. Bd3 Qc7 12. Bd2 Bd7 13. O-O-O Ng4 14. Bc3
Nf6 15. Ne5 O-O 16. g4 Kh8 17. h4 Nxg4 18. Bxh7 Nxe5 19. dxe5 g6 20. Bxg6 fxg6
21. Qxg6 Be8 22. Qh6+ Kg8 23. Rhg1+ Bg5+ 24. Rxg5+ 1-0

[Event "Montcalm 2 2019-20"]
[Site "Quebec CAN"]
[Date "2019.10.24"]
[Round "3"]
[White "Auger, Bertrand"]
[Black "Hebert, Andre jr"]
[Result "1-0"]
[WhiteElo "1938"]
[BlackElo "1540"]
[PlyCount "63"]
[EventDate "2019.10.10"]
[EventType "swiss"]
[EventRounds "5"]
[EventCountry "CAN"]

1. Nf3 Nf6 2. g3 g6 3. b4 Bg7 4. Bb2 O-O 5. Bg2 c6 6. O-O d5 7. d3 Bg4 8. Nbd2
a5 9. a3 axb4 10. axb4 Rxa1 11. Qxa1 Na6 12. Qa4 Qb6 13. Rb1 Bxf3 14. Bxf3 Nd7
15. Bxg7 Kxg7 16. c4 e6 17. b5 Nac5 18. Qa1+ f6 19. d4 Ne4 20. bxc6 Qxc6 21.
cxd5 exd5 22. Nxe4 dxe4 23. Bg4 Qd5 24. Qa7 f5 25. Rxb7 Rf7 26. Bh3 Ne5 27.
Rxf7+ Nxf7 28. e3 Kh6 29. Bg2 Nd6 30. Qd7 g5 31. Bf1 Kg6 32. Bc4 1-0

[Event "Montcalm 2 2019-20"]
[Site "Quebec CAN"]
[Date "2019.10.24"]
[Round "3"]
[White "Bluteau, Yvon"]
[Black "Dumont, Eric"]
[Result "0-1"]
[WhiteElo "1812"]
[BlackElo "1753"]
[PlyCount "120"]
[EventDate "2019.10.10"]
[EventType "swiss"]
[EventRounds "5"]
[EventCountry "CAN"]

1. e4 c6 2. d4 d5 3. e5 Bf5 4. h4 h6 5. g4 Be4 6. f3 Bh7 7. e6 fxe6 8. Bd3 Nf6
9. Bxh7 Nxh7 10. Qd3 Qd6 11. f4 Nd7 12. Qg6+ Kd8 13. Nf3 Kc7 14. Bd2 Rd8 15.
Nc3 e5 16. Nxe5 Nxe5 17. Qxd6+ exd6 18. fxe5 dxe5 19. dxe5 Be7 20. O-O-O Rhf8
21. Ne2 Rf2 22. Nf4 Nf8 23. Rh3 d4 24. Rg1 g5 25. Nd3 Rf7 26. a4 Ne6 27. b3
Rdf8 28. Kb2 Rf3 29. Rhh1 c5 30. hxg5 hxg5 31. Rh6 Kd7 32. Rg6 Rh8 33. Kc1 Rh2
34. Rg8 Rfh3 35. Ra8 a6 36. Ba5 Rh1 37. Rxh1 Rxh1+ 38. Kb2 Rg1 39. Rb8 Kc6 40.
Nf2 Rg2 41. Ne4 d3 42. Nd2 dxc2 43. Kxc2 Rxg4 44. Nc4 Nd4+ 45. Kc3 Rg3+ 46. Kb2
Rxb3+ 47. Ka2 Kd5 48. Nb6+ Kxe5 49. Rxb7 Ke6 50. Rc7 Bd8 51. Rb7 g4 52. Rb8 Bc7
53. Rb7 Be5 54. Rh7 Rh3 55. Rb7 g3 56. Nd7 Rh2+ 57. Kb1 Bd6 58. Nxc5+ Bxc5 59.
Bc7 Rh1+ 60. Kb2 g2 0-1

[Event "Montcalm 2 2019-20"]
[Site "Quebec CAN"]
[Date "2019.10.24"]
[Round "3"]
[White "Cournoyer, Dominic"]
[Black "Sarra-Bournet, Marc"]
[Result "0-1"]
[WhiteElo "1963"]
[BlackElo "1781"]
[PlyCount "50"]
[EventDate "2019.10.10"]
[EventType "swiss"]
[EventRounds "5"]
[EventCountry "CAN"]

1. c4 e5 2. Nc3 Nf6 3. g3 Bb4 4. Bg2 O-O 5. Nf3 d6 6. O-O c6 7. Qb3 Ba5 8. d4
exd4 9. Nxd4 Bb6 10. Nf3 Qe7 11. Bf4 Nbd7 12. Rad1 Ne5 13. Ng5 h6 14. Nge4 Rd8
15. Nxf6+ Qxf6 16. Ne4 Qe7 17. Qb4 Nxc4 18. Qxc4 d5 19. Qc2 Bf5 20. Qc3 dxe4
21. Be5 Rxd1 22. Rxd1 Rd8 23. Rxd8+ Qxd8 24. h4 Qd1+ 25. Kh2 Bxf2 0-1

[Event "Montcalm 2 2019-20"]
[Site "Quebec CAN"]
[Date "2019.10.24"]
[Round "3"]
[White "Lapierre, Gaetan"]
[Black "Fecteau, Martin"]
[Result "1-0"]
[WhiteElo "1828"]
[BlackElo "1966"]
[PlyCount "81"]
[EventDate "2019.10.10"]
[EventType "swiss"]
[EventRounds "5"]
[EventCountry "CAN"]

1. e4 c5 2. d3 Nc6 3. g3 g6 4. Bg2 Bg7 5. Ne2 e6 6. O-O Nge7 7. f4 d6 8. c3 O-O
9. Be3 Rb8 10. d4 cxd4 11. cxd4 d5 12. e5 Na5 13. b3 b6 14. Nd2 Ba6 15. Nf3 Qd7
16. g4 Rfc8 17. Rf2 Rc7 18. Ng3 Rbc8 19. f5 Bf8 20. f6 Nec6 21. a3 Nb8 22. h4
Qb5 23. Rb2 Qd3 24. Bd2 Qb5 25. h5 Qe8 26. hxg6 fxg6 27. Ng5 Kh8 28. Ne2 h6 29.
Nf3 Qb5 30. Nf4 Qe8 31. g5 Kg8 32. Bh3 Rc6 33. Qb1 Kh7 34. Nh4 hxg5 35. Nhxg6
Kg8 36. Nxf8 Kxf8 37. Qh7 Qf7 38. Nxe6+ Rxe6 39. Qh8+ Qg8 40. Qxg8+ Kxg8 41.
Bxe6+ 1-0

[Event "Montcalm 2 2019-20"]
[Site "Quebec CAN"]
[Date "2019.10.24"]
[Round "3"]
[White "Lescarbeau, Martin"]
[Black "Sauve, Richard"]
[Result "0-1"]
[WhiteElo "1671"]
[BlackElo "1925"]
[PlyCount "80"]
[EventDate "2019.10.10"]
[EventType "swiss"]
[EventRounds "5"]
[EventCountry "CAN"]

1. d4 e6 2. Bf4 d5 3. e3 Nf6 4. c3 c5 5. Bd3 Nc6 6. Nf3 Qb6 7. b3 Bd7 8. Nbd2
cxd4 9. exd4 Rc8 10. O-O Ba3 11. Ne5 Be7 12. Be3 Qa5 13. b4 Qd8 14. a3 Nxe5 15.
dxe5 Rxc3 16. exf6 Bxf6 17. Nb3 Ba4 18. Rb1 O-O 19. Be2 d4 20. Bd2 Rc7 21. Bd3
Qd5 22. Qf3 Qxf3 23. gxf3 b6 24. Nc1 Bc2 25. Rb2 Rfc8 26. Ba6 Rd8 27. Nd3 Bxd3
28. Bxd3 Rc3 29. Be4 Rxa3 30. b5 d3 31. Rbb1 Bc3 32. Bxc3 Rxc3 33. Rfd1 f5 34.
Bc6 e5 35. Rd2 Rd4 36. Rbd1 Kf7 37. Ra2 Kf6 38. Rdd2 e4 39. Rxa7 Rc2 40. Ra2
Rxa2 0-1

[Event "Montcalm 2 2019-20"]
[Site "Quebec CAN"]
[Date "2019.10.31"]
[Round "4"]
[White "Bluteau, Yvon"]
[Black "Auger, Bertrand"]
[Result "1-0"]
[WhiteElo "1812"]
[BlackElo "1938"]
[PlyCount "71"]
[EventDate "2019.10.10"]
[EventType "swiss"]
[EventRounds "5"]
[EventCountry "CAN"]

1. e4 e6 2. d4 d5 3. Nd2 c5 4. Ngf3 cxd4 5. Nxd4 Nc6 6. Nxc6 bxc6 7. Be2 Bd6 8.
O-O Nf6 9. exd5 exd5 10. Nf3 Qc7 11. Bg5 Ne4 12. h3 h6 13. Be3 O-O 14. Rc1 Re8
15. c4 Ng3 16. cxd5 Nxe2+ 17. Qxe2 c5 18. b4 Qe7 19. bxc5 Bxc5 20. Rc3 Bd6 21.
Qc2 Bd7 22. Bc5 Rac8 23. Bxd6 Qxd6 24. Rd1 Rxc3 25. Qxc3 f6 26. Qd3 a6 27. Nh4
Bb5 28. Qg6 Re2 29. Nf5 Qd7 30. Nxh6+ Kf8 31. Nf5 Re5 32. g4 Be2 33. Rc1 Re8
34. Qh7 Bd3 35. Qh8+ Kf7 36. Qxg7# 1-0

[Event "Montcalm 2 2019-20"]
[Site "Quebec CAN"]
[Date "2019.10.31"]
[Round "4"]
[White "Fecteau, Martin"]
[Black "Boissinot, Claude"]
[Result "1-0"]
[WhiteElo "1966"]
[BlackElo "1516"]
[PlyCount "67"]
[EventDate "2019.10.10"]
[EventType "swiss"]
[EventRounds "5"]
[EventCountry "CAN"]

1. c4 Nf6 2. g3 e6 3. Bg2 d5 4. d4 c5 5. dxc5 Bxc5 6. Nf3 Nc6 7. O-O O-O 8.
Nbd2 e5 9. cxd5 Nxd5 10. Ne4 Bb6 11. Bd2 f5 12. Nc3 e4 13. Bg5 Nde7 14. Qb3+
Kh8 15. Nh4 Qe8 16. Bxe7 Nxe7 17. Bh1 Bd7 18. e3 Rc8 19. a4 Bc6 20. Ng2 Rd8 21.
Nf4 Rf6 22. Rfd1 Rfd6 23. Rxd6 Rxd6 24. Bg2 h6 25. Bf1 Qd7 26. Qf7 Rf6 27. Qb3
Rd6 28. Bc4 Rd2 29. a5 Bc7 30. Ne6 Rd6 31. Nf4 Kh7 32. h4 Rd2 33. Ne6 Rd6 34.
Nf8+ 1-0

[Event "Montcalm 2 2019-20"]
[Site "Quebec CAN"]
[Date "2019.10.31"]
[Round "4"]
[White "Perreault, Jacquelin"]
[Black "Cournoyer, Dominic"]
[Result "0-1"]
[WhiteElo "1745"]
[BlackElo "1963"]
[PlyCount "76"]
[EventDate "2019.10.10"]
[EventType "swiss"]
[EventRounds "5"]
[EventCountry "CAN"]

1. e4 d5 2. exd5 Qxd5 3. Nf3 Nf6 4. d4 Bf5 5. Nc3 Qa5 6. Bd3 Bxd3 7. Qxd3 e6 8.
O-O Be7 9. Bf4 c6 10. Rfe1 Nbd7 11. Ne5 Rd8 12. Ne4 Nxe4 13. Qxe4 Nf6 14. Qe2
Rxd4 15. Nxf7 Re4 16. Qxe4 Nxe4 17. Nxh8 Qf5 18. Be3 Kf8 19. f3 Nf6 20. Re2 Kg8
21. Rae1 Bc5 22. Bxc5 Qxc5+ 23. Kh1 Kxh8 24. Rxe6 Kg8 25. c3 Kf7 26. R6e5 Qb6
27. b3 Qd8 28. h3 b6 29. c4 Qd6 30. R1e2 a5 31. Kg1 a4 32. R5e3 axb3 33. axb3
Nh5 34. f4 Qd4 35. Kh2 Qxf4+ 36. g3 Qd6 37. Rf3+ Nf6 38. Kg2 h6 0-1

[Event "Montcalm 2 2019-20"]
[Site "Quebec CAN"]
[Date "2019.10.31"]
[Round "4"]
[White "Sarra-Bournet, Marc"]
[Black "Lapierre, Gaetan"]
[Result "1/2-1/2"]
[WhiteElo "1781"]
[BlackElo "1828"]
[PlyCount "88"]
[EventDate "2019.10.10"]
[EventType "swiss"]
[EventRounds "5"]
[EventCountry "CAN"]

1. e4 d5 2. exd5 Nf6 3. d4 Nxd5 4. c4 Nf6 5. Nc3 g6 6. Nf3 Bg7 7. Be2 O-O 8.
O-O Nbd7 9. Bf4 Nh5 10. Bg5 f6 11. Be3 f5 12. Ng5 Ndf6 13. c5 c6 14. Qb3+ Nd5
15. Rad1 e6 16. Nxd5 exd5 17. Bxh5 f4 18. Bc1 Qxg5 19. Bf3 Qf6 20. Rfe1 Qf7 21.
Qa4 g5 22. h3 h5 23. Rd3 g4 24. hxg4 hxg4 25. Bd1 Bf5 26. Ra3 Rae8 27. Rxe8
Rxe8 28. Bd2 a6 29. Qb4 Re4 30. Rd3 Bc8 31. f3 gxf3 32. Bxf3 Re8 33. Be1 Bf5
34. Rd1 Be4 35. Bxe4 Rxe4 36. Bf2 Qe7 37. Qd2 Bf6 38. Qd3 Qh7 39. Qf3 Qg7 40.
Qh3 Qe7 41. Qg4+ Bg7 42. Qc8+ Kf7 43. Qf5+ Kg8 44. Qc8+ Kf7 1/2-1/2

[Event "Montcalm 2 2019-20"]
[Site "Quebec CAN"]
[Date "2019.10.31"]
[Round "4"]
[White "Sauve, Richard"]
[Black "Hines, Jason"]
[Result "1-0"]
[WhiteElo "1925"]
[BlackElo "1583"]
[PlyCount "45"]
[EventDate "2019.10.10"]
[EventType "swiss"]
[EventRounds "5"]
[EventCountry "CAN"]

1. d4 d6 2. c4 f5 3. g3 e6 4. Bg2 Nf6 5. Nc3 Be7 6. Nf3 Ne4 7. O-O O-O 8. Qc2
Nxc3 9. bxc3 Nd7 10. e4 e5 11. exf5 Qe8 12. Re1 Bf6 13. Ba3 Qh5 14. dxe5 Bxe5
15. Nxe5 Nxe5 16. Bd5+ Kh8 17. Rxe5 Rf6 18. Re7 Bxf5 19. Qe2 Bg4 20. Qe3 Raf8
21. Re1 Rxf2 22. Qxf2 Rxf2 23. Re8+ 1-0

[Event "Montcalm 2 2019-20"]
[Site "Quebec CAN"]
[Date "2019.11.07"]
[Round "5"]
[White "Auger, Bertrand"]
[Black "Fecteau, Martin"]
[Result "1-0"]
[WhiteElo "1938"]
[BlackElo "1966"]
[PlyCount "83"]
[EventDate "2019.10.10"]
[EventType "swiss"]
[EventRounds "5"]
[EventCountry "CAN"]

1. Nf3 c5 2. c4 Nc6 3. Nc3 g6 4. g3 Bg7 5. Bg2 d6 6. O-O e6 7. d3 Nge7 8. Bg5
h6 9. Bf4 O-O 10. Qc1 Kh7 11. Rb1 e5 12. Bd2 Rb8 13. a3 a6 14. b4 cxb4 15. axb4
b5 16. Nd5 Nxd5 17. cxd5 Ne7 18. e4 Bd7 19. Qa3 Qc7 20. Rbc1 Qb7 21. Qa5 Rfc8
22. Nh4 Qb6 23. Qxb6 Rxb6 24. Rxc8 Bxc8 25. Rc1 Rb7 26. Be3 Bd7 27. f4 exf4 28.
gxf4 Bg4 29. Nf3 Ng8 30. h3 Bd7 31. Nd4 h5 32. Nc6 Bf6 33. Na5 Rb8 34. Rc7 Be8
35. Nc6 Ra8 36. e5 Bxc6 37. Rxf7+ Bg7 38. dxc6 Nh6 39. c7 Rc8 40. Rd7 Nf5 41.
Bb6 dxe5 42. Bb7 1-0

[Event "Montcalm 2 2019-20"]
[Site "Quebec CAN"]
[Date "2019.11.07"]
[Round "5"]
[White "Boissinot, Claude"]
[Black "Perreault, Jacquelin"]
[Result "1/2-1/2"]
[WhiteElo "1516"]
[BlackElo "1745"]
[PlyCount "99"]
[EventDate "2019.10.10"]
[EventType "swiss"]
[EventRounds "5"]
[EventCountry "CAN"]

1. e4 e6 2. d4 c5 3. Nf3 cxd4 4. Nxd4 Nf6 5. Nc3 a6 6. e5 Nd5 7. Nxd5 exd5 8.
Be2 d6 9. f4 Nc6 10. Nxc6 bxc6 11. O-O Be7 12. Kh1 Qb6 13. Bd3 dxe5 14. fxe5
Be6 15. b3 Qd4 16. Bf4 g6 17. Qe2 a5 18. a3 O-O 19. Rad1 Qb6 20. Qf3 Rfe8 21.
Bc1 Qc7 22. Bb2 Bf8 23. Qg3 Bg7 24. Rde1 c5 25. Bb5 Red8 26. a4 d4 27. Bc1 c4
28. Bf4 cxb3 29. cxb3 Qc2 30. Rc1 Qxb3 31. Rf3 Qb4 32. h4 Rac8 33. Rxc8 Rxc8
34. h5 Qb1+ 35. Kh2 Qf5 36. Kg1 Qxh5 37. Be2 Bg4 38. Qf2 Bxe5 39. Rh3 Qf5 40.
Bxg4 Bxf4 41. Bxf5 Rc1+ 42. Qf1 Rxf1+ 43. Kxf1 gxf5 44. Rf3 Bd2 45. Rxf5 Kg7
46. Rd5 Bc3 47. Ke2 Kg6 48. Kd3 f6 49. g4 h6 50. Ke4 1/2-1/2

[Event "Montcalm 2 2019-20"]
[Site "Quebec CAN"]
[Date "2019.11.07"]
[Round "5"]
[White "Chabot, Sebastien"]
[Black "Hebert, Andre jr"]
[Result "1-0"]
[WhiteElo "1310"]
[BlackElo "1540"]
[PlyCount "45"]
[EventDate "2019.10.10"]
[EventType "swiss"]
[EventRounds "5"]
[EventCountry "CAN"]

1. d4 f5 2. Nf3 Nf6 3. Bg5 e6 4. c4 Bb4+ 5. Nc3 h6 6. Bxf6 Qxf6 7. e3 Nc6 8.
Be2 b6 9. O-O Bxc3 10. bxc3 g5 11. Qb3 Na5 12. Qb4 g4 13. Ne5 d6 14. Qb5+ Ke7
15. Nc6+ Nxc6 16. Qxc6 Bd7 17. Qxc7 Rhc8 18. Qb7 Rcb8 19. Qa6 e5 20. Rab1 f4
21. dxe5 Qxe5 22. exf4 Qxc3 23. Rfe1 1-0

[Event "Montcalm 2 2019-20"]
[Site "Quebec CAN"]
[Date "2019.11.07"]
[Round "5"]
[White "Lapierre, Gaetan"]
[Black "Cournoyer, Dominic"]
[Result "1-0"]
[WhiteElo "1828"]
[BlackElo "1963"]
[PlyCount "109"]
[EventDate "2019.10.10"]
[EventType "swiss"]
[EventRounds "5"]
[EventCountry "CAN"]

1. e4 d5 2. exd5 Qxd5 3. d4 Nf6 4. Nf3 Bf5 5. Be2 e6 6. O-O Nbd7 7. c4 Qa5 8.
Nc3 c6 9. h3 Qc7 10. Be3 Be7 11. Rc1 h6 12. d5 e5 13. Bd3 Bxd3 14. Qxd3 O-O 15.
Rfd1 Nc5 16. Qc2 Rfd8 17. b4 Ncd7 18. c5 cxd5 19. Nxd5 Nxd5 20. Rxd5 Bf6 21.
Nd2 Nf8 22. Rxd8 Rxd8 23. c6 b5 24. a4 bxa4 25. Qxa4 Ne6 26. Qxa7 Qxa7 27. Bxa7
Rxd2 28. c7 Nxc7 29. Rxc7 Rb2 30. Bc5 Rb1+ 31. Kh2 Bg5 32. g3 Bd2 33. Kg2 Rxb4
34. Rc8+ Kh7 35. Bxb4 Bxb4 36. Kf3 f5 37. g4 fxg4+ 38. hxg4 Be7 39. Ke4 Bh4 40.
f3 Bg3 41. Kf5 Bf4 42. Re8 Bg3 43. Re6 Bf4 44. Rc6 Bg3 45. g5 hxg5 46. Kxg5
Bf4+ 47. Kf5 Bg3 48. Rc1 Bf4 49. Rh1+ Kg8 50. Kg6 Bh6 51. Rh5 Bf4 52. Rf5 Bd2
53. Rxe5 Kf8 54. Rf5+ Kg8 55. Rd5 1-0

[Event "Montcalm 2 2019-20"]
[Site "Quebec CAN"]
[Date "2019.11.07"]
[Round "5"]
[White "Sauve, Richard"]
[Black "Sarra-Bournet, Marc"]
[Result "1/2-1/2"]
[WhiteElo "1925"]
[BlackElo "1781"]
[PlyCount "76"]
[EventDate "2019.10.10"]
[EventType "swiss"]
[EventRounds "5"]
[EventCountry "CAN"]

1. d4 d5 2. c4 e6 3. Nc3 Nf6 4. Bg5 Nbd7 5. e3 Be7 6. Nf3 O-O 7. Qc2 c6 8. Bd3
Re8 9. O-O h6 10. Bh4 b6 11. cxd5 exd5 12. Rfc1 Bb7 13. a3 c5 14. Bg3 Nh5 15.
Be5 Nxe5 16. Nxe5 Nf6 17. Bb5 Rf8 18. Qf5 Bc8 19. Qf3 Bb7 20. Nc6 Qd6 21. dxc5
bxc5 22. Nxd5 Bd8 23. Rd1 Nxd5 24. Qxd5 Qf6 25. Qxc5 Rc8 26. Rac1 Bxc6 27. Bxc6
Bc7 28. Qc3 Be5 29. Qc2 Bxb2 30. Rb1 Bxa3 31. Qa4 Rxc6 32. Qxa3 Rc2 33. Rf1 Ra8
34. Qb3 Qc6 35. Qb7 a5 36. Qxc6 Rxc6 37. Ra1 a4 38. Ra3 Kf8 1/2-1/2

[Event "Montcalm 3 2019-20"]
[Site "Quebec CAN"]
[Date "2019.11.14"]
[Round "1"]
[White "Boissinot, Claude"]
[Black "Auger, Bertrand"]
[Result "0-1"]
[WhiteElo "1535"]
[BlackElo "1914"]
[PlyCount "126"]
[EventDate "2019.11.14"]
[EventType "swiss"]
[EventRounds "5"]
[EventCountry "CAN"]

1. e4 e6 2. d4 d5 3. Nc3 dxe4 4. Nxe4 Bd7 5. Nf3 Bc6 6. Bd3 Nd7 7. O-O Ngf6 8.
Bg5 Be7 9. Nxf6+ Bxf6 10. Bxf6 Qxf6 11. Be2 O-O-O 12. c3 g5 13. h3 h5 14. Qd2
Rdg8 15. Nh2 g4 16. Qe3 gxh3 17. g3 h4 18. g4 Qf5 19. Qxh3 Nf6 20. f3 Nd5 21.
Kh1 Qf4 22. Rfe1 Ne3 23. Rac1 Qg3 24. Bf1 Rxg4 25. Qxg3 hxg3 26. Rxe3 Rxh2+ 27.
Kg1 Rgh4 28. Bg2 Kd7 29. b4 b5 30. Rd1 Bd5 31. a3 Kd6 32. Rde1 Rh8 33. Ra1 Ra8
34. a4 a6 35. a5 Rah8 36. Rc1 R8h6 37. Ra1 Rf6 38. Rf1 Rf4 39. Rfe1 Ke7 40. Rc1
Kf6 41. Rd3 Rfh4 42. Re1 Kf5 43. Rde3 Kf4 44. Rd3 Rh5 45. Rde3 c6 46. Rd3 f6
47. Rde3 Kf5 48. Rd3 R5h4 49. Rde3 Rh6 50. Rc1 Kf4 51. Rce1 R6h5 52. Rd3 f5 53.
Rde3 R5h4 54. Rd3 Kg5 55. Rde3 f4 56. Rd3 Kf6 57. Rdd1 Rh5 58. Rf1 e5 59. dxe5+
Rxe5 60. Rfe1 Rhh5 61. Rxe5 Rxe5 62. Rc1 Re3 63. Rd1 Rxc3 0-1

[Event "Montcalm 3 2019-20"]
[Site "Quebec CAN"]
[Date "2019.11.14"]
[Round "1"]
[White "Bourdeau, Yvan"]
[Black "Fecteau, Martin"]
[Result "0-1"]
[WhiteElo "1415"]
[BlackElo "1880"]
[PlyCount "52"]
[EventDate "2019.11.14"]
[EventType "swiss"]
[EventRounds "5"]
[EventCountry "CAN"]

1. c4 e5 2. Nc3 Nf6 3. Nf3 Nc6 4. g3 d5 5. cxd5 Nxd5 6. Bg2 Nb6 7. d3 Be7 8.
O-O O-O 9. b3 Be6 10. Bb2 f6 11. Ne4 f5 12. Nc3 Bf6 13. Nd2 Qd7 14. Nc4 Nd5 15.
Qc1 Nxc3 16. Bxc3 Bd5 17. e3 Bxg2 18. Kxg2 b5 19. Nb2 Ne7 20. Rd1 c5 21. Nc4
bxc4 22. dxc4 Qc6+ 23. f3 Rad8 24. Qb2 Ng6 25. Qc2 f4 26. gxf4 Nh4+ 0-1

[Event "Montcalm 3 2019-20"]
[Site "Quebec CAN"]
[Date "2019.11.14"]
[Round "1"]
[White "Gaulin, Gaetan"]
[Black "Dumont, Eric"]
[Result "1-0"]
[WhiteElo "1951"]
[BlackElo "1773"]
[PlyCount "95"]
[EventDate "2019.11.14"]
[EventType "swiss"]
[EventRounds "5"]
[EventCountry "CAN"]

1. g3 e5 2. c4 c6 3. d4 Nf6 4. Bg2 Qb6 5. Nf3 exd4 6. Qxd4 Bb4+ 7. Nc3 O-O 8.
Be3 Qxd4 9. Bxd4 Ne4 10. Nd2 Nxd2 11. Kxd2 c5 12. Be3 Nc6 13. a3 d5 14. cxd5
Bxc3+ 15. Kxc3 Ne5 16. Bxc5 Re8 17. h3 Bd7 18. Rac1 Bb5 19. Bf1 Rac8 20. Kb4
Ba6 21. Rc3 b6 22. Bd4 Rxc3 23. bxc3 Nd7 24. e3 Bb7 25. Bg2 f5 26. Rc1 Nf8 27.
c4 Ng6 28. c5 bxc5+ 29. Rxc5 Ne7 30. f3 Nxd5+ 31. Ka5 Nxe3 32. Rc7 Nxg2 33.
Rxg7+ Kf8 34. Rxb7 Rd8 35. Bxa7 Rd3 36. Bc5+ Kg8 37. a4 Rxf3 38. Bd6 Ne3 39.
Kb5 Nd5 40. a5 Nc3+ 41. Kc6 Ne4 42. Bb4 Rb3 43. a6 Rxg3 44. Kb5 f4 45. a7 Rg5+
46. Kc4 Ra5 47. Rb8+ Kf7 48. Bxa5 1-0

[Event "Montcalm 3 2019-20"]
[Site "Quebec CAN"]
[Date "2019.11.14"]
[Round "1"]
[White "Jardine, Robert"]
[Black "Bluteau, Yvon"]
[Result "0-1"]
[WhiteElo "1201"]
[BlackElo "1825"]
[PlyCount "96"]
[EventDate "2019.11.14"]
[EventType "swiss"]
[EventRounds "5"]
[EventCountry "CAN"]

1. e4 e5 2. Nf3 Bc5 3. Nxe5 Qe7 4. d4 Nf6 5. Nc3 Bb4 6. Bd3 d6 7. a3 Bxc3+ 8.
bxc3 dxe5 9. d5 O-O 10. Bg5 h6 11. Bh4 Nbd7 12. f3 Nc5 13. Be2 b6 14. O-O g5
15. Be1 Nh5 16. g4 Nf4 17. Bb5 Nxe4 18. Bc6 Nxc3 19. Bxc3 Qc5+ 20. Kh1 Qxc3 21.
Bxa8 Ba6 22. Bc6 Bxf1 23. Qxf1 Qxc2 24. a4 Nd3 25. Bd7 Nf2+ 26. Kg1 Nd3 27. Bf5
Qc5+ 28. Kg2 Nf4+ 29. Kg3 Nxd5 30. Qd3 Qd6 31. Be4 c6 32. Qa3 Qf6 33. Bf5 h5
34. Re1 hxg4 35. fxg4 Qh6 36. Kg2 Rd8 37. Qf3 Nf4+ 38. Kh1 Rd2 39. Qg3 Rg2 40.
Qxg2 Nxg2 41. Kxg2 Qd6 42. Re2 Qb4 43. h3 f6 44. Bd7 Qxa4 45. Rd2 Qe4+ 46. Kf2
Qf4+ 47. Ke2 Kf8 48. Bxc6 Qc4+ 0-1

[Event "Montcalm 3 2019-20"]
[Site "Quebec CAN"]
[Date "2019.11.14"]
[Round "1"]
[White "Lapierre, Gaetan"]
[Black "Hebert, Andre jr"]
[Result "1-0"]
[WhiteElo "1912"]
[BlackElo "1530"]
[PlyCount "107"]
[EventDate "2019.11.14"]
[EventType "swiss"]
[EventRounds "5"]
[EventCountry "CAN"]

1. e4 Nf6 2. e5 Nd5 3. d4 d6 4. Nf3 Bg4 5. Be2 Nc6 6. c4 Nb6 7. exd6 exd6 8.
O-O Be7 9. Be3 Bf6 10. Nc3 Bxf3 11. Bxf3 Nxc4 12. Bxc6+ bxc6 13. Qa4 Nb6 14.
Qxc6+ Qd7 15. Qe4+ Qe6 16. Qc2 O-O 17. Rfe1 Qc4 18. b3 Qc6 19. Rac1 Rac8 20.
Qf5 Qd7 21. Qxd7 Nxd7 22. Nb5 c5 23. Nxd6 Rc6 24. Ne4 Ra6 25. Nxf6+ gxf6 26.
dxc5 Ne5 27. Rc2 Rc8 28. Rd1 Rac6 29. Rcd2 Kg7 30. h3 a5 31. Rd6 R6c7 32. f4
Nc6 33. Rd7 Nb4 34. Rxc7 Rxc7 35. Rd6 Nxa2 36. Ra6 Nb4 37. Rxa5 Nc6 38. Ra6 f5
39. Rb6 f6 40. Kf2 Ne7 41. b4 Nd5 42. Bd4 Nxb6 43. cxb6 Rb7 44. Ke3 Kf7 45. Kd3
Ke6 46. Kc4 Rd7 47. Bc5 Rb7 48. Kb5 Kd7 49. Bd4 Rb8 50. Bxf6 Kc8 51. Kc6 Rb7
52. Be5 Re7 53. Bd6 Rd7 54. Bc7 1-0

[Event "Montcalm 3 2019-20"]
[Site "Quebec CAN"]
[Date "2019.11.14"]
[Round "1"]
[White "Perreault, Jacquelin"]
[Black "Cournoyer, Dominic"]
[Result "1/2-1/2"]
[WhiteElo "1726"]
[BlackElo "1931"]
[PlyCount "48"]
[EventDate "2019.11.14"]
[EventType "swiss"]
[EventRounds "5"]
[EventCountry "CAN"]

1. e4 g6 2. d4 Bg7 3. Nc3 d6 4. Be3 Nf6 5. f3 Nbd7 6. Qd2 h5 7. h4 c5 8. O-O-O
cxd4 9. Bxd4 Bh6 10. Be3 Bxe3 11. Qxe3 Qb6 12. Qxb6 Nxb6 13. Bb5+ Bd7 14. Nh3
a6 15. Bxd7+ Nfxd7 16. Nf4 Nf6 17. Nfd5 Nbxd5 18. Nxd5 Nxd5 19. Rxd5 O-O-O 20.
Rhd1 f6 21. f4 Kc7 22. e5 dxe5 23. fxe5 Rxd5 24. Rxd5 Rd8 1/2-1/2